Statystyki dla League of Legends - Piltover

Kliknij tutaj aby rozwiązać quiz!

Ogólne statystyki

  • Ten quiz został rozwiązany 420 razy
  • Średni wynik to 5 z 7

Statystyki odpowiedzi

Odpowiedź% Poprawnych
Caitlyn
94%
Vi
93%
Heimerdinger
80%
Jayce
74%
Camille
56%
Ezreal
47%
Orianna
31%

Rozkład punktacji

Percentyl według liczby udzielonych odpowiedzi

Procent ludzi z każdym wynikiem

Twoja historia wyników

Nie rozwiązałeś tego quizu